Vietnam / (Record no. 1439)

MARC details
000 -LEADER
fixed length control field 00722cam a22002294a 4500
005 - DATE AND TIME OF LATEST TRANSACTION
control field 20250305111147.0
020 ## - INTERNATIONAL STANDARD BOOK NUMBER
International Standard Book Number 0516221507
040 ## - CATALOGING SOURCE
Original cataloging agency DLC
Transcribing agency DLC
Modifying agency DLC
Language of cataloging eng
050 00 - LIBRARY OF CONGRESS CALL NUMBER
Classification number DS556.3
Item number .W53 2002
082 00 - DEWEY DECIMAL CLASSIFICATION NUMBER
Classification number 959.7
Edition number 21
100 1# - MAIN ENTRY--PERSONAL NAME
Personal name Willis, Terri.
245 10 - TITLE STATEMENT
Title Vietnam /
Statement of responsibility, etc. by Terri Willis.
260 ## - PUBLICATION, DISTRIBUTION, ETC.
Place of publication, distribution, etc. New York :
Name of publisher, distributor, etc. Children's Press,
Date of publication, distribution, etc. 2002.
300 ## - PHYSICAL DESCRIPTION
Extent 144 pages :
Other physical details color illustrations, maps ;
Dimensions 24 cm
505 ## - FORMATTED CONTENTS NOTE
Formatted contents note U
520 ## - SUMMARY, ETC.
Summary, etc. Examines the geography, history, and government of Vietnam, while highlighting its achievements in art, medicine and industry.
521 ## - TARGET AUDIENCE NOTE
Target audience note 1030 <br/>
Source Lexile
521 ## - TARGET AUDIENCE NOTE
Target audience note U <br/>
Source Raz-Plus
906 ## - LOCAL DATA ELEMENT F, LDF (RLIN)
a 7
b cbc
c orignew
d 1
e ocip
f 20
g y-gencatlg
942 ## - ADDED ENTRY ELEMENTS (KOHA)
Source of classification or shelving scheme Dewey Decimal Classification
Koha item type Books
Suppress in OPAC No
999 ## -
-- 1439
-- 1439
Holdings
Withdrawn status Lost status Source of classification or shelving scheme Damaged status Not for loan Collection Home library Current library Shelving location Date acquired Total Checkouts Full call number Barcode Date last seen Copy number Price effective from Koha item type Date last checked out
    Dewey Decimal Classification     Non-Fiction Footprints International School Library Network Toul Kork Campus Footprints International School Library Network Toul Kork Campus   08/25/2023   WIL 959.7 DS556.W53 2023-0357 08/25/2023 1 08/25/2023 Books  
    Dewey Decimal Classification     Non-Fiction Footprints International School Library Network Toul Kork Campus Footprints International School Library Network Toul Kork Campus   08/25/2023   WIL 959.7 DS556.W53 2023-0358 08/25/2023 2 08/25/2023 Books  
    Dewey Decimal Classification     Non-Fiction Footprints International School Library Network Toul Kork Campus Footprints International School Library Network Toul Kork Campus   08/25/2023 1 WIL 959.7 DS556.W53 2023-0361 01/11/2024 3 08/25/2023 Books 11/23/2023
    Dewey Decimal Classification     Non-Fiction Footprints International School Library Network Toul Tom Poung Campus Footprints International School Library Network Toul Tom Poung Campus TTP Secondary Non-Fiction Bookshelves 08/25/2023   WIL 959.7 DS556.W53 2024-0529 04/25/2024 4 08/25/2023 Books  
    Dewey Decimal Classification     Non-Fiction Footprints International School Library Network Toul Tom Poung Campus Footprints International School Library Network Toul Tom Poung Campus TTP Secondary Non-Fiction Bookshelves 08/25/2023 2 WIL 959.7 DS556.W53 2024-0530 03/07/2025 5 08/25/2023 Books 03/07/2025